| 000 | 00488nam a2200145 a 4500 | ||
|---|---|---|---|
| 001 | BRCA_2042 | ||
| 005 | 20190320203639.0 | ||
| 008 | 010808s2001----mx-#---###---#000-0#spa-# | ||
| 050 | 4 |
_aZ649.D4 _b.D47 2001 |
|
| 245 | 1 | 0 |
_aEl depósito legal en México _bórdenes y decretos expedidos de 1812 a 1991. |
| 260 |
_aMéxico _bPalacio Legislativo Federal _c2001 |
||
| 300 |
_a66 p. _c22 cm. |
||
| 650 | 1 | 4 |
_aDepósito legal de libros _xÓrdenes y decretos _y1812 a 1991 _zMéxico _96240 |
| 942 |
_2lcc _cB |
||
| 999 |
_c1808 _d1808 |
||